Hot links : the guide to linking computers

Bibliographic Details
Main Author: Eppley, Mark
Format: Book
Subjects:

MARC

LEADER 00000cam a2200000 7i4500
001 0000009955
002 000010844
005 20000330.0
020 |a 0078810205 
090 0 0 |a 005.754   |b EPP 
100 1 |a Eppley, Mark 
245 1 0 |a Hot links :   |b the guide to linking computers 
650 0 0 |a Computer networks 
999 |a 053062   |b BUKU   |c PINJAMAN   |e PERPUSTAKAAN KOMUNITI PETALING JAYA